| 000 | 00404nam a22001337a 4500 | ||
|---|---|---|---|
| 005 | 20251129134451.0 | ||
| 008 | 251129b |||||||| |||| 00| 0 eng d | ||
| 050 | _aTA343 WET | ||
| 100 | _aWetterling, Steven | ||
| 245 |
_aAnalog Concept in Electrical Engineering Fundamentals _cSteven Wetterling |
||
| 260 |
_aPortland, USA _bServenger _c2006 |
||
| 300 |
_a102p. _bill. some color _c28cm |
||
| 942 |
_2lcc _cBK _n0 |
||
| 999 |
_c8436 _d8436 |
||